BOLLETTINO DI ANALISI E TEORIA MUSICALE, ANNO 08-N.1 (2002) (Record n. 123656)

Dettagli MARC
000 -LEADER
fixed length control field 01002nas a2200253Ia 4500
001 - CONTROL NUMBER
control field R425/G9462
003 - CONTROL NUMBER IDENTIFIER
control field IT-RoPAU
008 - FIXED-LENGTH DATA ELEMENTS--GENERAL INFORMATION
fixed length control field 151124c99999999xx |||||||||||| ||und||
040 ## - CATALOGING SOURCE
Original cataloging agency IT-RoPAU
040 ## - CATALOGING SOURCE
Transcribing agency IT-RoPAU
041 ## - LANGUAGE CODE
Language code of text/sound track or separate title ITALIANO
100 ## - MAIN ENTRY--PERSONAL NAME
Personal name Marconi Luca
Miscellaneous information Codice Aut. SPICS: 13914
210 ## - ABBREVIATED TITLE
Abbreviated title BOLLETTINO DEL G.A.T.M.
222 ## - KEY TITLE
Key title Bollettino Del G.A.T.M.
245 ## - TITLE STATEMENT
Title BOLLETTINO DI ANALISI E TEORIA MUSICALE, ANNO 08-N.1 (2002)
Remainder of title Educazione Dell'Orecchio E Teoria Musicale
250 ## - EDITION STATEMENT
Edition statement 1a ed.
260 ## - PUBLICATION, DISTRIBUTION, ETC. (IMPRINT)
Place of publication, distribution, etc. BOLOGNA
Name of publisher, distributor, etc. G.A.T.M.
Date of publication, distribution, etc. 2002
300 ## - PHYSICAL DESCRIPTION
Extent 15 p. [77-91]
362 ## - DATES OF PUBLICATION AND/OR SEQUENTIAL DESIGNATION
Dates of publication and/or sequential designation ANNO 008, N.01 (2002)
501 ## - WITH NOTE
-- Paulus - SPICS - Società San Paolo EM (non-commercial uses only)
-- Copyright2015
500 ## - GENERAL NOTE
General note Premesse Terminologiche. Componenti Musicali ed Esperienze Cinetico-Dinamiche. Tipi di Tessitura. Metodo Proposto. Tipi di Relazioni di Altezze. Tipidi Durate e di Scansioni. Tipi di Intensità e di Timbro.
650 ## - SUBJECT ADDED ENTRY--TOPICAL TERM
Topical term or geographic name as entry element MUSICA
Form subdivision PUBBLICAZIONE PERIODICA
942 ## - ADDED ENTRY ELEMENTS (KOHA)
Koha item type RIVISTA
Dati di copia
Withdrawn status Lost status Damaged status Not for loan Home library Current library Date acquired Total Checkouts Full call number Date last seen Price effective from Koha item type Public note
    Buone Condizioni Not For Loan SPICS-MEDIATECA SPICS-MEDIATECA 25/11/2015   R425/G9462 25/11/2015 25/11/2015 RIVISTA Progr. Ins: 77815 / Copia rara: NO / date import: 25.11.2015 / By Epidotti, Trombetti, Vaglietti
CREDITS: SOCIETA' SAN PAOLO Via A.Severo, 58 - ROMA (RM) & PERIODICI SAN PAOLO SRL Via Giotto, 36 MILANO & CISF Via Giotto, 36 MILANO & EDIZIONI SAN PAOLO SRL,  Piazza Soncino, 5 CINISELLO BALSAMO (MI) -- ITALY